Normal view
MARC view
Entry Personal Name
001 - CONTROL NUMBER
- control field: 699363
003 - CONTROL NUMBER IDENTIFIER
- control field: OSt
005 - DATE AND TIME OF LATEST TRANSACTION
- control field: 20221007082732.0
008 - FIXED-LENGTH DATA ELEMENTS
- fixed length control field: 221007|| aca||aabn | a|a d
040 ## - CATALOGING SOURCE
- Original cataloging agency: OSt
- Transcribing agency: OSt
100 ## - HEADING--PERSONAL NAME
- Personal name: Khadka Narayan Bahadur
670 ## - SOURCE DATA FOUND
- Source citation: Work cat.: (OSt)1167561: Khadka Narayan Bahadur, Compensation to the victims of industrial accidents in Indian and Nepalese perspective.
